| 000 | 00810nam a2200265Ia 4500 | ||
|---|---|---|---|
| 001 | Para_3536 | ||
| 003 | CHAP | ||
| 008 | 220125s1939 xx 000 0 und d | ||
| 010 | _a202060 | ||
| 040 | _cCHAP | ||
| 090 | _aPA FOLLETO 1133 | ||
| 100 |
_aPierpont, Roger L _988033 |
||
| 245 |
_aTerpene ethers in pyrethrum and rotenone fly sprays / _c Roger L. Pierpont |
||
| 260 |
_aNewark, Delaware : _b Agricultural Experiment Station |
||
| 300 | _a59 p. | ||
| 440 |
_aDelaware. Agri. Exp. Sta., Bull.; 217, Technical; 24 _9167043 |
||
| 650 |
_aInsecticidas _x AnĂ¡lisis Piretro como insecticida _9167044 |
||
| 901 | _aPA FOLLETO 1133 | ||
| 902 | _aA | ||
| 905 | _a0000001939 NEW 0000000000 00 | ||
| 910 | _a1939 | ||
| 942 | _cPARA | ||
| 942 |
_cPARA _d1 |
||
| 999 |
_c202060 _d202060 |
||